|
|
|
|
| LEADER |
01138nam a2200277 u 4500 |
| 001 |
10023959 |
| 003 |
upatras |
| 005 |
20210117205829.0 |
| 008 |
980731s1974 uk eng |
| 020 |
|
|
|a 0306307774
|
| 040 |
|
|
|a GR-PaULI
|c GR-PaULI
|
| 041 |
0 |
|
|a eng
|
| 082 |
0 |
4 |
|a 537.622
|
| 245 |
1 |
0 |
|a Amorphous and liquid semiconductors
|c edited by J. Tauc
|
| 260 |
|
|
|a London
|b Plenum Press
|c 1974
|
| 300 |
|
|
|a ix, 441 p.
|b fig., tab.
|c 23 cm.
|
| 504 |
|
|
|a Includes references and index
|
| 650 |
|
4 |
|a Ημιαγωγοί
|9 722
|
| 700 |
1 |
|
|a Tauc, J.
|4 edt
|9 150192
|
| 852 |
|
|
|a GR-PaULI
|b ΠΑΤΡΑ
|b ΦΥΣΙΚΟ
|k ΑΕΧ-1
|h 537.622 TAU
|m 00283
|t 1
|
| 852 |
|
|
|a GR-PaULI
|b ΠΑΤΡΑ
|b ΦΥΣΙΚΟ
|k ΑΕΧ-1
|h 537.622 TAU
|m 01961
|p 025000024229
|t 2
|
| 942 |
|
|
|2 ddc
|c BK15
|
| 952 |
|
|
|0 0
|1 0
|4 0
|6 537_622000000000000_TAU
|7 0
|9 192738
|a PHYS
|b PHYS
|d 2016-04-24
|i 00283
|l 0
|o 537.622 TAU
|r 2016-04-24 00:00:00
|t 1
|w 2016-04-24
|y BK15
|
| 952 |
|
|
|0 0
|1 0
|4 0
|6 537_622000000000000_TAU
|7 0
|9 192739
|a PHYS
|b PHYS
|d 2016-04-24
|i 01961
|l 0
|o 537.622 TAU
|p 025000024229
|r 2016-04-24 00:00:00
|t 2
|w 2016-04-24
|y BK15
|
| 998 |
|
|
|c ΔΡΑΚΟΠΟΥΛΟΥ
|d 2001-09
|
| 999 |
|
|
|c 118179
|d 118179
|